000 01079nam a2200229 a 4500
001 53017
005 20180714043111.0
008 140415s2006 sp 000 0 spa d
020 _a8432917427
041 _aspa
082 _a371.9
_bEDU
100 1 _aBALDARO VERDE, JOLE -GOVIGLI, GIULIANO
245 1 3 _aLA SEXUALIDAD DEL DEFICIENTE
250 _a1a ed.
260 _aESPAÑA :
_bCEAC,
_c2006
300 _a136
_c15.5 x 1 x 25.7
490 _aEDUCACION ESPECIAL
520 _aDURANTE LOS 10 ULTIMOS AÑOS SE HAN ESCRITO NUMEROSOS VOLUMENES SOBRE LA PROBLEMATICA DE LOS DISMINUIDOS: FAMILIA, ESCUELA, TRABAJO, TIEMPO LIBRE, BARRERAS ARQUITECTONICAS, PROBLEMAS MEDICOS DE PREVENCION, DIAGNOSIS, REHABILITACION, PROBLEMAS DE ORDEN LEGISLATIVO, ETC. EN CAMBIO, ACERCA DE LA SEXUALIDAD DE ESTAS PERSONAS POCO SE HA ESCRITO, NO SOLO EN EL CAMPO NACIONAL SINO QUE TAMPOCO EN EL INTERNACIONAL.
650 1 4 _aEDUCACION
_xEDUCACION ESPECIAL
_xEDUCACION SEXUAL
_xSEXUALIDAD
740 _aLA SESSUALITA DELL´HANDICAPPATO
700 1 _aVALGIMIGLI, CAMILLO
_ecoaut.
999 _c53017
_d53017